000 01164nam0a22003011 4500
001 rc\4671517
005 20260406072404.0
021 _aRU
_bРг8889-65
035 _a(NLR Aleph) 008421189
090 _a9357855
_c9357855
100 _a20130416d1961 |||y0rusy50 ca
101 0 _arus
102 _aRU
105 _ay z |||||
200 1 _aПламезащитные пропитки текстильных тканей
_eМонография
_e[Обзор иностр. и отеч. литературы]
_fВоен. акад. тыла и транспорта
210 _aЛенинград
_cБ. и.
_d1961
215 _a79 л.
_d29
300 _aПеред загл. авт.: М.Г. Воронков, Н.Н. Горяев, М.Ф. Ишанина [и др.]
300 _aОтпеч. множит. аппаратом
701 1 _aГоряев
_bН.Н.
701 1 _7ca
_8rus
_aВоронков
_bМ. Г.
_f1921-2014
_gМихаил Григорьевич
_912971
_3RU\NLR\AUTH\7729944
701 1 _aИшанина
_bМ.Ф.
801 0 _aRU
_bNLR
_gpsbo
801 1 _aRU
_bELAR
_2rusmarc
852 _aNLR
_j65-8/2075
942 _cBOOK
980 _aNB